00322nam a22001097a 4500041000800000082001500008100002900023245003700052260003500089300000800124650008000132 aENG a297.4bHUS aHusain Abdul Khusropanah aPractical Gnosis An Introduction aNew DelhibWelayat Publication a339 aPractical gnosis (spiritual practice, self-purification, wayfaring sulūk)